Krajská knižnica Karola Kmeťka v Nitre
Na minha lista:
| Autor principal: | |
|---|---|
| Outros Autores: | |
| Formato: | Manuscrito Livro |
| Idioma: | eslovaco |
| Publicado em: |
2025
|
| Assuntos: | |
| Acesso em linha: | http://is.stuba.sk/zp/portal_zp.pl?podrobnosti=186180 |
| Tags: |
Sem tags, seja o primeiro a adicionar uma tag!
|
MARC
| LEADER | 00000ntm a22000003a 4500 | ||
|---|---|---|---|
| 001 | stuzp105106 | ||
| 003 | SK-STU | ||
| 005 | 20250607211129.0 | ||
| 007 | ta | ||
| 008 | 150427s2015----xo-----f-mn---000-0-slo-d | ||
| 040 | |a STU |b slo | ||
| 041 | 0 | |a slo | |
| 100 | 1 | |a Varechová, Paulína |u 055150 |4 aut |U FAD Fakulta architektúry a dizajnu |T FAD Ústav interiéru a výstavníctva |X 103818 |U A5150 |Y 396 |7 103818 | |
| 242 | 0 | 1 | |a Regional Library of Karol Kmeťko in Nitra |y eng |
| 245 | 1 | 0 | |a Krajská knižnica Karola Kmeťka v Nitre |
| 260 | |c 2025 | ||
| 650 | 4 | |a interior design |2 eng | |
| 650 | 4 | |a binding |2 eng | |
| 650 | 4 | |a Nitra |2 eng | |
| 650 | 4 | |a library |2 eng | |
| 650 | 4 | |a Nitra |2 slo | |
| 650 | 4 | |a interiérový dizajn |2 slo | |
| 650 | 4 | |a väzba |2 slo | |
| 650 | 4 | |a knižnica |2 slo | |
| 700 | 1 | |a Kočlík, Dušan |u 055150 |k Z1 |4 ths |U FAD Fakulta architektúry a dizajnu |T FAD Ústav interiéru a výstavníctva |X 42575 |U A5150 |Y 396 |7 A000042575 | |
| 856 | 4 | |u http://is.stuba.sk/zp/portal_zp.pl?podrobnosti=186180 | |